Statistics for Every UEFA Champions League Goalscorer 2021/22

Click here to take the quiz!

General Stats

  • This quiz has been taken 105 times
    (79 since last reset)
  • The average score is 98 of 180

Answer Stats

TeamGoals scoredNationalityAnswer% Correct
AJAX11IvorianSébastien Haller
93%
BORUSSIA DORTMUND3NorwegianErling Haaland
92%
CHELSEA3GermanKai Havertz
92%
ATLÉTICO DE MADRID4FrenchAntoine Griezmann
90%
MANCHESTER CITY6AlgerianRiyad Mahrez
90%
CHELSEA2AmericanChristian Pulišić
89%
CHELSEA2ItalianJorginho
89%
REAL MADRID14FrenchKarim Benzema
89%
PARIS SAINT-GERMAIN5ArgentinianLionel Messi
89%
BAYERN MÜNCHEN13PolishRobert Lewandowski
89%
CHELSEA2BelgianRomelu Lukaku
89%
CHELSEA4GermanTimo Werner
89%
MANCHESTER CITY3PortugueseBernardo Silva
87%
MANCHESTER UNITED6PortugueseCristiano Ronaldo
87%
CHELSEA1MoroccanHakim Ziyech
87%
MANCHESTER CITY2BelgianKevin de Bruyne
87%
PARIS SAINT-GERMAIN6FrenchKylian Mbappé
87%
LIVERPOOL1ColombianLuis Díaz
87%
PORTO2ColombianLuis Díaz
87%
INTER1ChileanAlexis Sánchez
85%
BENFICA5UruguayanDarwin Núñez
85%
REAL MADRID1AustrianDavid Alaba
85%
MANCHESTER CITY4BrazilianGabriel Jesús
85%
BAYERN MÜNCHEN6GermanLeroy Sané
85%
LIVERPOOL8EgyptianMohamed Salah
85%
REAL MADRID3BrazilianRodrygo Goes
85%
LIVERPOOL3SenegaleseSadio Mané
85%
REAL MADRID2GermanToni Kroos
85%
REAL MADRID3BrazilianVinícius Júnior
85%
AJAX2SerbianDušan Tadić
84%
INTER3BosnianEdin Džeko
84%
BORUSSIA DORTMUND1EnglishJude Bellingham
84%
BENFICA1PortugueseRafa Silva
84%
CHELSEA1EnglishReece James
84%
LIVERPOOL3BrazilianRoberto Firmino
84%
BAYERN MÜNCHEN3GermanSerge Gnabry
84%
BAYERN MÜNCHEN4GermanThomas Müller
84%
LEIPZIG3PortugueseAndré Silva
82%
ATALANTA3ColombianDuván Zapata
82%
MANCHESTER CITY2PortugueseJoão Cancelo
82%
ATLÉTICO DE MADRID1PortugueseJoão Félix
82%
BORUSSIA DORTMUND3GermanMarco Reus
82%
CHELSEA1GermanAntonio Rüdiger
80%
AJAX2BrazilianAntony
80%
LIVERPOOL1PortugueseDiogo Jota
80%
LIVERPOOL1FrenchIbrahima Konaté
80%
LIVERPOOL1GuineanNaby Keïta
80%
MANCHESTER CITY3EnglishPhil Foden
80%
CHELSEA1DanishAndreas Christensen
79%
MILAN1SpanishBrahim Díaz
79%
MANCHESTER CITY1EnglishJack Grealish
79%
LIVERPOOL1EnglishJordan Henderson
79%
INTER1ArgentinianLautaro Martínez
79%
CHELSEA1EnglishMason Mount
77%
JUVENTUS3ArgentinianPaulo Dybala
77%
BAYERN MÜNCHEN1CameroonianEric-Maxim Choupo-Moting
75%
BAYERN MÜNCHEN1FrenchKingsley Coman
75%
ATLÉTICO DE MADRID1UruguayanLuis Suárez
75%
MILAN1PortugueseRafael Leão
75%
LIVERPOOL1SpanishThiago Alcántara
75%
JUVENTUS2SpanishÁlvaro Morata
74%
LIVERPOOL1BelgianDivock Origi
74%
MANCHESTER UNITED1EnglishMarcus Rashford
74%
INTER1ChileanArturo Vidal
72%
LEIPZIG7FrenchChristopher Nkunku
72%
JUVENTUS1SerbianDušan Vlahović
72%
MANCHESTER CITY1EnglishKyle Walker
72%
INTER1CroatianMarcelo Brozović
72%
INTER1SlovakianMilan Škriniar
72%
MANCHESTER CITY3EnglishRaheem Sterling
72%
ATLÉTICO DE MADRID1ArgentinianÁngel Correa
70%
MILAN1CroatianAnte Rebić
70%
CHELSEA1SpanishCésar Azpilicueta
70%
PARIS SAINT-GERMAIN1SenegaleseIdrissa Gana Gueye
70%
LOSC LILLE3CanadianJonathan David
70%
ATALANTA1ColombianLuis Muriel
70%
REAL MADRID1SpanishMarco Asensio
70%
MANCHESTER UNITED1SwedishAnthony Elanga
69%
JUVENTUS2ItalianFederico Chiesa
69%
MILAN1EnglishFikayo Tomori
69%
MANCHESTER CITY1DutchNathan Aké
69%
BORUSSIA DORTMUND3DutchDonyell Malen
67%
MANCHESTER UNITED1EnglishHarry Maguire
67%
PORTO1IranianMehdi Taremi
66%
LEIPZIG2SwedishEmil Forsberg
64%
PARIS SAINT-GERMAIN2DutchGeorginio Wijnaldum
64%
MANCHESTER UNITED1EnglishJadon Sancho
64%
ATLÉTICO DE MADRID1ArgentinianRodrigo De Paul
64%
BARCELONA1SpanishGerard Piqué
62%
BARCELONA1SpanishAnsu Fati
61%
LOSC LILLE3TurkishBurak Yilmaz
61%
JUVENTUS1SwedishDejan Kuluševski
61%
LEIPZIG2HungarianDominik Szoboszlai
59%
SEVILLA2CroatianIvan Rakitić
59%
INTER1DutchStefan De Vrij
59%
ATALANTA1SlovenianJosip Iličić
57%
ATALANTA1SwissRemo Freuler
57%
ATALANTA1GermanRobin Gosens
57%
VILLARREAL1SpanishPau Torres
56%
VILLARREAL6DutchArnaut Danjuma
54%
ATALANTA1CroatianMario Pašalić
54%
ATLÉTICO DE MADRID1BrazilianRenan Lodi
54%
JUVENTUS1BrazilianAlex Sandro
52%
MANCHESTER UNITED1BrazilianAlex Telles
52%
BAYERN MÜNCHEN1GermanJamal Musiala
52%
ATALANTA1TurkishMerih Demiral
52%
ATALANTA1UkrainianRuslan Malinovskyi
52%
VILLARREAL2SpanishGerard Moreno
49%
VILLARREAL1SpanishAlberto Moreno
48%
AJAX3DutchSteven Berghuis
48%
CHELSEA1EnglishCallum Hudson-Odoi
46%
AJAX1BrazilianDavid Neres
46%
MILAN1BrazilianJúnior Messias
46%
SALZBURG3GermanKarim Adeyemi
46%
BEŞIKTAŞ1CanadianCyle Larin
43%
AJAX1DutchDaley Blind
41%
SALZBURG3SwissNoah Okafor
41%
PARIS SAINT-GERMAIN1SpanishAnder Herrera
39%
MANCHESTER CITY1EnglishCole Palmer
39%
BENFICA2UkrainianRoman Yaremchuk
39%
SEVILLA1ArgentinianLucas Ocampos
38%
MANCHESTER UNITED1EnglishMason Greenwood
38%
VILLARREAL1SpanishDaniel Parejo
36%
AJAX1DutchDavy Klaassen
36%
CLUB BRUGGE3BelgianHans Vanaken
36%
ATALANTA1ItalianMatteo Pessina
36%
CHELSEA1EnglishTrevoh Chalobah
36%
SPORTING CP2SpanishPablo Sarabia
34%
BEŞIKTAŞ1AlgerianRachid Ghezzal
34%
VILLARREAL2NigerianSamu Chukwueze
34%
LOSC LILLE1EnglishAngel Gomes
33%
VILLARREAL2FrenchÉtienne Capoue
33%
SHERIFF TIRASPOL2MalianAdama Traoré
31%
JUVENTUS1ItalianMoise Kean
31%
SPORTING CP2UruguayanSebastián Coates
31%
LOSC LILLE1FrenchJonathan Ikoné
30%
ATALANTA1ArgentinianJosé Luis Palomino
28%
LEIPZIG1FrenchNordi Mukiele
26%
ZENIT2IranianSardar Azmoun
25%
SHERIFF TIRASPOL2LuxembourgishSébastien Thill
25%
SPORTING CP4PortuguesePedro Gonçalves
23%
WOLFSBURG2GermanLukas Nmecha
21%
SPORTING CP1SpanishPedro Porro
20%
WOLFSBURG2SwissRenato Steffen
20%
VILLARREAL1SpanishYéremi Pino
20%
SEVILLA1SpanishRafa Mir
18%
WOLFSBURG1GermanRidle Baku
18%
BEŞIKTAŞ1SpanishFrancisco Montero
16%
SEVILLA1SpanishJoan Jordán
16%
YOUNG BOYS2AmericanJordan Siebatcheu
16%
PORTO1PortugueseSérgio Oliveira
16%
CLUB BRUGGE2BelgianMats Rits
15%
SALZBURG1DanishMaurits Kjaergaard
15%
SPORTING CP1PortugueseNuno Santos
15%
VILLARREAL1SpanishPaco Alcácer
15%
SPORTING CP3PortuguesePaulinho
15%
SALZBURG1AustrianChukwubuike Adamu
13%
DYNAMO KYIV1UkrainianDenys Garmash
13%
SHAKHTAR DONETSK2BrazilianFernando
13%
BENFICA1BrazilianGilberto
11%
SALZBURG1CroatianLuka Sučić
11%
MALMÖ1DanishSøren Rieks
11%
ZENIT1BrazilianWendel
11%
ZENIT1UkrainianYaroslav Rakitskiy
11%
ZENIT1RussianMagomed Ozdoev
10%
VILLARREAL1SpanishManu Trigueros
10%
SALZBURG1AustrianMax Wöber
10%
BENFICA1BrazilianMorato
10%
YOUNG BOYS1SwissSilvan Hefti
10%
ZENIT2BrazilianClaudinho
8%
YOUNG BOYS1CongoleseMeschack Elia
8%
YOUNG BOYS1CameroonianMoumi Ngamaleu
8%
ZENIT1RussianAleksei Sutormin
7%
SHERIFF TIRASPOL1North MacedonianBoban Nikolov
7%
ZENIT1RussianDaler Kuzyaev
7%
YOUNG BOYS1SwissFabian Rieder
7%
SHERIFF TIRASPOL1UzbekJasurbek Yakhshiboev
7%
SHERIFF TIRASPOL1GuineanMomo Yansane
7%
YOUNG BOYS1SwissVincent Sierro
7%
SPORTING CP1BrazilianBruno Tabata
5%

Score Distribution

Percentile by Number Answered

Percent of People with Each Score

Your Score History

You have not taken this quiz since the last reset